Keralathile Thalangalum Kalakalum (Record no. 118942)

MARC details
000 -LEADER
fixed length control field 00409nam a2200121Ia 4500
008 - FIXED-LENGTH DATA ELEMENTS--GENERAL INFORMATION
fixed length control field 211119s9999||||xx |||||||||||||| ||und||
082 ## - DEWEY DECIMAL CLASSIFICATION NUMBER
Classification number 701.095483
Item number KUR-K
100 ## - MAIN ENTRY--PERSONAL NAME
Personal name Kuroor, Manoj
245 #0 - TITLE STATEMENT
Title Keralathile Thalangalum Kalakalum
260 ## - PUBLICATION, DISTRIBUTION, ETC.
Name of publisher, distributor, etc. Sahithyapravarthaka
Place of publication, distribution, etc. Kottayam
Date of publication, distribution, etc. 2014
650 ## - SUBJECT ADDED ENTRY--TOPICAL TERM
Topical term or geographic name entry element The arts; fine & decorative arts
942 ## - ADDED ENTRY ELEMENTS (KOHA)
Koha item type BOOK
650 ## - SUBJECT ADDED ENTRY--TOPICAL TERM
Form subdivision Philosophy of fine & decorative artsMalayalam
General subdivision General Stack
Holdings
Withdrawn status Lost status Source of classification or shelving scheme Damaged status Not for loan Home library Current library Date acquired Cost, normal purchase price Full call number Barcode Shelving location Date last seen Price effective from Koha item type
    Dewey Decimal Classification     SB LIBRARY SB LIBRARY 19/11/2021 140.00 701.09548 KUR-K 00132430 GENERAL STACK 19/11/2021 19/11/2021 BOOK

Powered by Koha